Retrouvez les 15 pays les plus peuplés d'Afrique - Statistiques

Statistiques générales
  • Ce quiz a été pris 223 fois
  • Le résultat moyen est 13 sur 15
Statistiques - réponses
Classement Réponse Population (en 2017) % Correct
6 Afrique du Sud 56 717 156
98%
3 Egypte 97 553 151
98%
9 Algérie 41 318 142
96%
11 Maroc 35 739 580
94%
1 Nigeria 190 886 311
94%
2 Ethiopie 104 957 438
91%
4 Congo (RDC) 81 339 988
89%
10 Soudan 40 533 330
87%
5 Tanzanie 57 310 019
84%
7 Kenya 49 699 862
81%
12 Angola 29 784 193
78%
13 Mozambique 29 668 834
74%
14 Ghana 28 833 629
69%
15 Madagascar 25 570 895
69%
8 Ouganda 42 862 958
66%
Aucun quiz correspondant
Distribution des résultats
% des personnes avec chaque résultat
Percentile par nombre de réponses
Votre historique - résultats
Vous n’avez pas pris ce quiz